000 00673nam a2200229 i 4500
003 DO-SdBNP
005 20240418151942.0
007 ta
008 240418b1964 dr ||||| |||| 00| 0 spa d
040 _aDO-SdBNP
_bspa
_cBNPHU
_erda
082 4 _222
100 1 _aRodríguez Grullón, Julio Manuel,
_eautor
_985280
245 1 0 _aCinco conferencias /
_cJulio Manuel Rodríguez Grullón
264 _aSanto Domingo :
_bDel Caribe,
_c1964.
300 _a137páginas ;
_c23 cm.
336 _2rdacontent
_atexto
_btxt
337 _2rdamedia
_asin mediación
_bn
338 _2rdacarrier
_avolumen
_bnc
590 _aInventariado, 2024/BT
910 _aBtavárez
942 _2ddc
_cLBS1
999 _c56458
_d56458